1409 1130 1807 1015 1977 1202 1026 1011 1882 1406 1894 1510 1944 1244 1183 1347 1617 1429 1196 1793 1555 1287 1367 1358 1315 1561 1702 1895 1735 1105 1397 1511 1930 1437 1386 1299 1224 1521 1886 1840 1645 1409 1472 1993 1442 1124 1550 1854 1577 1605 1520 1904 1491 1335 1304 1576 1576 1296 1287 1254 1387 1569 1015 1415 1712 1556 1925 1976 1884 1791 1484 1137 1351 1108 1722 1368 1743 1045 1359 1351 1481 1303 1366 1821 1588 1439 1979 1132 1009 1969 1604 1841 1275 1104 1346 1706 1363 1233 1287 BCNSPRNW ULIB Ver.6.0+V

เปลี่ยนเป็นภาษาไทย

Change to English
 แสดงรายละเอียดบรรณานุกรม
  กลับหน้าหลัก

Brief Record : Get Marc (ISO 2709) : E-mail record : QR code < ปิดหน้าต่าง
LEADER : 00000nam 2200000uu 4500
001    13399113601
003     ULIB
008    111207s2553||||th 000 0 tha d
020    ^a9786117123153
090    ^aนว.^bว130พ 2553
100 0  ^aวงศ์วริศ
245 00 ^aเพียงเสี้ยวใจ/^cวงศ์วริศ
250    ^aพิมพ์ครั้งที่ 1
260    ^aกรุงเทพฯ :^bกรีนมายด์,^c2553
300    ^a214 หน้า
710 1  ^aกรีนมายด์
945    ^p169^l0^i17053
995    ^aทศพร
999 ^a ทศพร
รายการนี้ยังไม่มีแท็ก
คุณยังไม่ได้ล็อกอิน คุณสามารถมีกิจกรรมร่วมกับเว็บไซต์ได้ แต่ต้องล็อกอินก่อน ::
  ล็อกอิน

รายการสื่อสารสนเทศ

ลำดับที่ ประเภท เลขเรียก/บาร์โค้ด สถานที่ สถานะ
1. นวนิยาย
นวนิยาย
นว. ว130พ 2553 ฉ.1 
  Barcode: 17053
ห้องสมุดวิทยาเขตสวรรค์ประชารักษ์
►นวนิยาย
บนชั้น
  ขอยืม

BibComment


ยังไม่เคยถูกคอมเมนท์

คอมเมนท์ทรัพยากรรายการนี้
  คอมเมนท์: เพียงเสี้ยวใจ วง..


 Copyright 2026. Bcnsprnw @Library